| 000 | 00558nam a2200193Ia 4500 | ||
|---|---|---|---|
| 003 | OSt | ||
| 005 | 20230329163909.0 | ||
| 008 | 210210b2013 xxu||||| |||| 00| 0 eng d | ||
| 040 | _cAL | ||
| 041 | _aKonkani | ||
| 082 | _a891.464 VALJ | ||
| 100 |
_aVALLI, Bola Psued Valerian Sikvera _979797 |
||
| 245 |
_aJaglane: Jagrati Lekanacho punjo _bಝಗ್ಲಾಣೆ : ಜಾಗೃತಿ ಲೇಖನಾಂಚೊ ಪುಂಜೊ |
||
| 260 |
_aKodialbail _b- _c2013 |
||
| 300 | _a80 | ||
| 690 |
_aKonkani Prose _979798 |
||
| 906 | _a068528 | ||
| 942 |
_2ddc _cBK |
||
| 999 |
_c152706 _d152706 |
||